Caminando : (Record no. 17458)
[ view plain ]
| 000 -LEADER | |
|---|---|
| fixed length control field | 00943cam a2200277 a 4500 |
| 001 - CONTROL NUMBER | |
| control field | sjdsz9mscp b1517530 |
| 003 - CONTROL NUMBER IDENTIFIER | |
| control field | sjds |
| 005 - DATE AND TIME OF LATEST TRANSACTION | |
| control field | 20181022211822.0 |
| 008 - FIXED-LENGTH DATA ELEMENTS--GENERAL INFORMATION | |
| fixed length control field | 890719s1990 maua j d 000 0 eng |
| 020 ## - INTERNATIONAL STANDARD BOOK NUMBER | |
| International Standard Book Number | 0316234710 (pbk.) |
| 020 ## - INTERNATIONAL STANDARD BOOK NUMBER | |
| International Standard Book Number | 9780316234719 (pbk.) |
| 035 ## - SYSTEM CONTROL NUMBER | |
| Canceled/invalid control number | mtg00084177 |
| 040 ## - CATALOGING SOURCE | |
| Transcribing agency | sjds |
| 041 ## - LANGUAGE CODE | |
| Language code of text/sound track or separate title | spaeng |
| 092 00 - LOCALLY ASSIGNED DEWEY CALL NUMBER (OCLC) | |
| Classification number | E EMB |
| Item number | TAK |
| 100 1# - MAIN ENTRY--PERSONAL NAME | |
| Personal name | Emberley, Rebecca. |
| 245 10 - TITLE STATEMENT | |
| Title | Caminando : |
| Remainder of title | un libro en dos lenguas = Taking a walk : a book in two languages / |
| Statement of responsibility, etc. | Rebecca Emberley. |
| 246 3# - VARYING FORM OF TITLE | |
| Title proper/short title | Taking a walk : a book in two languages |
| 260 ## - PUBLICATION, DISTRIBUTION, ETC. (IMPRINT) | |
| Name of publisher, distributor, etc. | Little, Brown, |
| Date of publication, distribution, etc. | 1990. |
| 300 ## - PHYSICAL DESCRIPTION | |
| Extent | 45 pages |
| Dimensions | 23 cm x 25 cm |
| 500 ## - GENERAL NOTE | |
| General note | English and Spanish. |
| 520 ## - SUMMARY, ETC. | |
| Summary, etc. | Labeled illustrations and Spanish and English text introduce the things a child sees while on a walk. |
| 650 #0 - SUBJECT ADDED ENTRY--TOPICAL TERM | |
| Topical term or geographic name as entry element | Vocabulary |
| Form subdivision | Juvenile literature. |
| 650 #0 - SUBJECT ADDED ENTRY--TOPICAL TERM | |
| Topical term or geographic name as entry element | Spanish language materials |
| General subdivision | Bilingual |
| Form subdivision | Juvenile literature. |
| 942 ## - ADDED ENTRY ELEMENTS (KOHA) | |
| Koha item type | Libro/Book |
| Withdrawn status | Lost status | Damaged status | Not for loan | Home library | Current library | Date acquired | Inventory number | Total Checkouts | Full call number | Barcode | Date last seen | Price effective from | Koha item type |
|---|---|---|---|---|---|---|---|---|---|---|---|---|---|
| Azul y Blanco -- Satellite | Azul y Blanco -- Satellite | 10/06/2017 | inventory date: 22-1-25 | JI | 35200546 | 10/06/2017 | 10/06/2017 | Libro/Book |